| 000 | 00809 a2200265 4500 | ||
|---|---|---|---|
| 003 | OSt | ||
| 005 | 20251017170921.0 | ||
| 008 | 250926b |||||||| |||| 00| 0 eng d | ||
| 020 | _a 9789391520830(hbk) | ||
| 037 | _cTB | ||
| 040 |
_cCRL _aCRL |
||
| 041 |
_2eng _aeng |
||
| 084 |
_aQ2:4 R5 _qCRL |
||
| 100 |
_aKumari, Krishna _9821329 |
||
| 245 | _aDharmashastra hindu law and ethics | ||
| 260 |
_aDelhi, India: _bPrashant Publishing House. _c2025. |
||
| 300 | _avi, 280p. | ||
| 365 |
_b1295.00 _cINR |
||
| 650 |
_aReligion _9848768 |
||
| 650 |
_aHinduism _9848769 |
||
| 650 |
_aHindu Law _9848770 |
||
| 650 |
_aEthics _9848771 |
||
| 942 |
_cTB _2CC _n0 _hQ2:4 R5 |
||
| 999 |
_c1435435 _d1435435 |
||